000 01329nam a2200217Ia 4500
003 IT-RoPAU
005 20220918175747.0
008 120407s9999 xx 000 0 und d
040 _aIT-RoPAU
040 _cIT-RoPAU
041 _aita
100 _aAlberione Giacomo
_qSSP
_914
245 _aFeste di Maria.
_b30 Meditazioni
250 _a4° ed.
260 _aAlbano Laziale (Roma)
_bEdizioni Paoline
_c1955
300 _a207 p.
_c17,5 cm
490 _v3° vol.
520 _aINDICE Introduzione; Immacolata Concezione; Traslazione della S. Casa di Loreto; Sacra Famiglia; Lo Sposalizio; La Purificazione; L'apparizione della B. V. Immacolata; L'Annunciazione; I Sette Dolori; Nostra Signora del Buon Consiglio; La Regina degli Apostoli; L'Ausiliatrice; La Mediatrice di tutte le grazie; Regina di tutti i Santi; Nostra Signora del SS. Sacramento; La Visitazione; Madonna del Carmine; Dedicazione della Madonna della neve; Rifugio dei peccatori; L'Assunzione; Cuore Immacolato di Maria; Nostra Signora della Consolazione; Maria Madre del Divino Pastore; Natività di Maria SS.; Il nome SS. di Maria; I sette dolori della Beata Vergine Maria; Madonna del S. Rosario; Maternità Divina; Madre della Purità; Madre della Divina Provvidenza; Presentazione di Maria al Tempio; Conclusione.
942 _cBK
_2ddc
999 _c28673
_d28673